000 00910nam a2200241 i 4500
001 bg
100 1 _aWEISS, Krzysztof
245 1 0 _aWysokostabilne rezonatory kwarcowe cięcia SC - konstrukcja i technologia /
_cKrzysztof Weiss.
260 _aWarszawa :
_bOficyna Wydawnicza PW,
_c2003.
300 _a147 s. :
_bil. ;
_c24 cm.
490 1 _aPrace Naukowe. Elektronika / Politechnika Warszawska ;
_v0137-2343
500 _aOpis wg okł. - W nagł. odmienny tyt. serii: Prace Naukowe Politechniki Warszawskiej. - Streszcz. ang.
500 _aNumeracja ser. gł. : z. 147.
504 _aBibliogr.
650 9 _aRezonator kwarcowy
_xbudowa i konstrukcje
650 9 _aRezonator kwarcowy
_xtechnologia
830 0 _aPrace Naukowe. Elektronika (Politechnika Warszawska) ;
040 _cBPK
041 0 _apol
_beng
080 _a621.373:621.382
942 _cKS
008 s pl f |000 0 pol
999 _c44152
_d44152
856 _uhttp://koha.tu.koszalin.pl/cgi-bin/koha/opac-detail.pl?biblionumber=44152
_yKatalog online BPK